| 000 | 00391 a2200109 4500 | ||
|---|---|---|---|
| 001 | ART_10420 | ||
| 005 | 20260410161848.0 | ||
| 008 | 260409a | ||
| 245 | 1 | 0 | _aLas consecuencias de la competencia de transportes sobre la hegemonía británica en la Argentina (1919-1939) |
| 100 | 1 | _aSkupch, Pedro R. | |
| 773 | 0 |
_tEconómica _g- Año XVII, Nº 1 (ene./abr. 1971) _wREV7541 |
|
| 999 |
_c24738 _d24738 |
||